Abernant Hotel and Estate Company Ltd v Idwal Davies (VO) (Record no. 60130)

MARC details
000 -LEADER
fixed length control field 00594cam a2200169 4500
001 - CONTROL NUMBER
control field T100501
008 - FIXED-LENGTH DATA ELEMENTS--GENERAL INFORMATION
fixed length control field 000000n1954 000 0 eng u
035 ## - SYSTEM CONTROL NUMBER
System control number (Sirsi) u100501
110 ## - MAIN ENTRY--CORPORATE NAME
Corporate name or jurisdiction name as entry element England and Wales
Subordinate unit Lands Tribunal
9 (RLIN) 1252
245 ## - TITLE STATEMENT
Title Abernant Hotel and Estate Company Ltd v Idwal Davies (VO)
260 ## - PUBLICATION, DISTRIBUTION, ETC.
Date of publication, distribution, etc. 1954
520 ## - SUMMARY, ETC.
Summary, etc. LVC/400/1953. 6 Oct 1954. Stored in offsite archives. Please ask library staff for further details
650 ## - SUBJECT ADDED ENTRY--TOPICAL TERM
Topical term or geographic name entry element Abernant Hotel and Estate Company Ltd v Idwal Davies (VO)
650 ## - SUBJECT ADDED ENTRY--TOPICAL TERM
Topical term or geographic name entry element Rating
690 ## - LOCAL SUBJECT ADDED ENTRY--TOPICAL TERM (OCLC, RLIN)
Topical term or geographic name as entry element Rating law and valuation-case law
942 ## - ADDED ENTRY ELEMENTS (KOHA)
Suppress in OPAC 0
Holdings
Withdrawn status Lost status Source of classification or shelving scheme Damaged status Not for loan Home library Current library Shelving location Date acquired Total Checkouts Full call number Barcode Date last seen Copy number Price effective from Koha item type
    Dewey Decimal Classification     London London Basement 15/10/1999   ARCHIVE 30059535 06/08/2019 1 06/08/2019 Reference material